| 000 | 02214cam a22004934i 4500 | ||
|---|---|---|---|
| 003 | PE-LiUPU | ||
| 005 | 20250731173509.0 | ||
| 008 | 150616s1993 miu rb 000 0 eng d | ||
| 020 | _a0802824331 | ||
| 035 | _a(Sirsi) i9780802824332 | ||
| 040 |
_aPE-LiUPU _bspa _cPE-LiUPU _erda |
||
| 049 | _aPRUA | ||
| 082 | 0 | 4 |
_a226.695 _bW68 _221 |
| 100 | 1 |
_aWinter, Bruce W., _eautor. |
|
| 245 | 1 | 4 |
_aThe book of Acts in Its Ancient Literary Setting / _cBruce W. Winter. |
| 264 | 1 |
_aGrand Rapids, Michigan : _bWilliam B. Eerdmans Publishing Co., _c1993. |
|
| 300 |
_a479 páginas ; _c24 centímetros. |
||
| 336 |
_atext _2rdacontent |
||
| 337 |
_aunmediated _2rdamedia |
||
| 338 |
_avolume _2rdacarrier |
||
| 490 | 0 |
_aThe Book of Acts in first century setting ; _v1 |
|
| 504 | _aBibliografía al pie de páginas. | ||
| 505 | 0 | _aActs and the anciente historical monograph. Acts and ancient intellectual biography. Acts and biblical history. The motif of fulfilment and the purpose of Luke-Acts. The Acts of Paul as a sequel to Acts. Acts and subsequent ecclesiastical histories. Acts and the 'Former Treatise'. Acts and the puline corpus I: Ancient literary parallels. Public speaking and published accounts. Official proceedings and the forensic speeches in Acts 24-26. Acts against the background of classical rhetoric. Acts and modern literary approaches Biblical history Paul Acts Ancient historical. | |
| 526 | _aSEG42 | ||
| 526 | _aSEG41 | ||
| 526 | _aSEG40 | ||
| 526 | _aSEG39 | ||
| 526 | _aP94 | ||
| 526 | _aP87 | ||
| 526 | _aP86 | ||
| 526 | _aP85 | ||
| 526 | _aP77 | ||
| 526 | _aP76 | ||
| 526 | _aP35 | ||
| 630 |
_aBiblia. _pN.T. _pHechos _xComentarios. |
||
| 700 | 1 |
_aAndrew D. Clarke, _eeditor. |
|
| 910 |
_ajck _bjvq _cjck |
||
| 942 |
_2ddc _cBOOK |
||
| 949 |
_a226.695 W68 _wDEWEY _c1 _i40611 _lCCODEBUL1 _mBUL _r0 _sY _tBOOK _u2015-6-16 _xTEOLOGIA _zUNKNOWN _0COMPRA _o.STAFF. Colección General |
||
| 994 |
_aC0 _bPEPRU |
||
| 596 | _a1 | ||
| 999 |
_a226.695 W68 _wDEWEY _c58398 _i40611 _d58398 _f2021-11-9 _g5 _lCCODEBUL1 _mBUL _p39.98 _q1 _r0 _sY _tBOOK _u2015-6-16 _xTEOLOGIA _PP35 _0COMPRA _o.STAFF. Colección Teología |
||
| 980 |
_81 _gALBERTO SANCHEZ Responsable de Automatización |
||